Landscape Institute (Record no. 119749)

MARC details
000 -LEADER
fixed length control field 00737cam a2200193 4500
001 - CONTROL NUMBER
control field WS110364
008 - FIXED-LENGTH DATA ELEMENTS--GENERAL INFORMATION
fixed length control field 000000n 000 0 eng u
035 ## - SYSTEM CONTROL NUMBER
System control number (Sirsi) u110364
110 ## - MAIN ENTRY--CORPORATE NAME
Corporate name or jurisdiction name as entry element Landscape Institute
9 (RLIN) 134
245 ## - TITLE STATEMENT
Title Landscape Institute
520 ## - SUMMARY, ETC.
Summary, etc. Site for this organisation for landscape architects and designers, managers and scientists concerned with enhancing and conserving the environment. Includes a register of practices and details of careers.
650 ## - SUBJECT ADDED ENTRY--TOPICAL TERM
Topical term or geographic name entry element LANDSCAPE ARCHITECTS
650 ## - SUBJECT ADDED ENTRY--TOPICAL TERM
Topical term or geographic name entry element LANDSCAPE DESIGN
650 ## - SUBJECT ADDED ENTRY--TOPICAL TERM
Topical term or geographic name entry element INTERNATIONAL LANDSCAPE ALLIANCE
650 ## - SUBJECT ADDED ENTRY--TOPICAL TERM
Topical term or geographic name entry element ORGANISATION
690 ## - LOCAL SUBJECT ADDED ENTRY--TOPICAL TERM (OCLC, RLIN)
Topical term or geographic name as entry element LAND
856 40 - ELECTRONIC LOCATION AND ACCESS
Uniform Resource Identifier <a href="https://www.l-i.org.uk">https://www.l-i.org.uk</a>
Public note View the website free of charge at www.l-i.org.uk...
942 ## - ADDED ENTRY ELEMENTS (KOHA)
Suppress in OPAC 0
Holdings
Withdrawn status Lost status Source of classification or shelving scheme Damaged status Not for loan Home library Current library Shelving location Date acquired Total Checkouts Full call number Barcode Date last seen Copy number Price effective from Koha item type
    Dewey Decimal Classification     Virtual Virtual Online 15/01/2001   WEB SITE 110364-2001 06/08/2019 1 06/08/2019 Online material